DEVLET ANA (Record no. 1134529)

MARC details
000 -LEADER
sabit uzunluktaki kontrol alanı 00226nam a2200097Ia 4500
001 - KONTROL NUMARASI
kontrol alanı 1134529
005 - EN SON İŞLEMİN TARİH VE ZAMANI
kontrol alanı 20250827005130.0
008 - SABİT-UZUNLUKTA VERİ ÖĞELERİ--GENEL BİLGİ
sabit uzunluktaki kontrol alanı 250824s9999 xx 000 0 und d
245 #0 - ESER / YAZAR
ESER ADI DEVLET ANA
Yazar Adı KEMAL TAHİR
260 ## - YAYIN, DAĞITIM, VB.
YAYIN EVİ KETEBE
Holdings
Düşüm durumu Kayıp durumu Hasar Durumu Ödünç verilmez Ana kütüphane Geçerli Kütüphane Edinilen tarih Toplam ödünç verme sayısı Barkod Son görüntüleme tarihi Fiyatın geçerli olmaya başladığı tarih Koha materyal türü
        SELÇUKLU FEN LİSESİ SELÇUKLU FEN LİSESİ 24.08.2025   10303935 27.08.2025 27.08.2025 Books